| 000 | 01669pam a2200409 a 4500 | ||
|---|---|---|---|
| 001 | 2125155 | ||
| 005 | 20251006154315.0 | ||
| 008 | 970521s1998 nyua 001 0 eng | ||
| 010 | _a 97023529 | ||
| 020 |
_a0070459940 _qpbk. |
||
| 020 |
_a9780070459946 _q(pbk.) |
||
| 035 | _a2125155 | ||
| 040 |
_aDLC _cDLC _dDLC |
||
| 050 | 0 | 0 |
_aTK2181 _b.N38 1998 |
| 082 | 0 | 0 |
_a621.31042076 _221 _bNAS |
| 100 | 1 |
_aNasar, S. A. _941147 |
|
| 245 | 1 | 0 |
_aSchaum's outline of theory and problems of electric machines and electromechanics / _cSyed A. Nasar. |
| 246 | 3 | 0 | _aOutline of theory and problems of electric machines and electromechanics |
| 246 | 1 | 8 | _aElectric machines and electromechanics |
| 250 | _a2nd ed. | ||
| 260 |
_aNew York : _bMcGraw-Hill, _cc1998. |
||
| 300 |
_avi, 218 p. : _bill. ; _c28 cm. |
||
| 336 |
_atext _btxt _2rdacontent |
||
| 337 |
_aunmediated _bn _2rdamedia |
||
| 338 |
_avolume _bnc _2rdacarrier |
||
| 490 | 0 | _aSchaum's outline series | |
| 500 | _aIncludes index. | ||
| 650 | 0 |
_aElectric machinery. _918388 |
|
| 650 | 0 |
_aElectric machinery _xProblems, exercises, etc. _9101559 |
|
| 650 | 0 |
_aElectric machinery _xOutlines, syllabi, etc. _9101558 |
|
| 856 | 4 | 2 |
_3Publisher description _uhttp://www.loc.gov/catdir/description/mh021/97023529.html |
| 856 | 4 | 2 |
_3Contributor biographical information _uhttp://www.loc.gov/catdir/enhancements/fy0739/97023529-b.html |
| 906 |
_a7 _bcbc _corignew _d1 _eocip _f19 _gy-gencatlg |
||
| 942 |
_2ddc _cBK |
||
| 999 |
_c615070 _d615070 |
||